| 000 -LEADER |
| fixed length control field |
01154nam a22002417a 4500 |
| 003 - CONTROL NUMBER IDENTIFIER |
| control field |
OSt |
| 005 - DATE AND TIME OF LATEST TRANSACTION |
| control field |
20260122194419.0 |
| 008 - FIXED-LENGTH DATA ELEMENTS--GENERAL INFORMATION |
| fixed length control field |
230308b ||||| |||| 00| 0 eng d |
| 040 ## - CATALOGING SOURCE |
| Transcribing agency |
SSBUL |
| 041 ## - LANGUAGE CODE |
| Language code of text/sound track or separate title |
Shan |
| 082 ## - DEWEY DECIMAL CLASSIFICATION NUMBER |
| Classification number |
808.4 |
| Edition number |
23 |
| Item number |
ပပ်ႉ 1765 |
| 100 1# - MAIN ENTRY--PERSONAL NAME |
| Personal name |
ၸုမ်းပွင်ၵၢၼ် ပပ်ႉၵိုၵ်းပိုၼ်း။ |
| 245 10 - TITLE STATEMENT |
| Title |
ပပ်ႉၵိုၵ်းပိုၼ်းပွႆးပၢၵ်ႇပီတဵမ် 1910-2010 ဝတ်ႉမႁႃႇဝၼ်ႉဝဵင်းမူႇၸေႊ / |
| 260 ## - PUBLICATION, DISTRIBUTION, ETC. |
| Place of publication, distribution, etc. |
ဝဵင်းမူႇၸေႊ၊ |
| Name of publisher, distributor, etc. |
ဝိၼ်းၸတႃးဢွပ်ႉသႅတ်ႉ၊ |
| Date of publication, distribution, etc. |
2010။ |
| 300 ## - PHYSICAL DESCRIPTION |
| Extent |
340 ၼႃႈ၊ |
| Other physical details |
ၶႅပ်းႁၢင်ႈ (သီ)၊ |
| Dimensions |
26 ၸိၼ်ႉထီႇ။ |
| 500 ## - GENERAL NOTE |
| General note |
S-SAT: Dr. Prof Sai Aung Tun |
|
| General note |
ပပ်ႉၸဝ်ႈတႃႇၼႁင်းၶေႃ တွၵ်ႉတိူဝ်ႉၸၢႆးဢွင်ႇထုၼ်း။ |
| 504 ## - BIBLIOGRAPHY, ETC. NOTE |
| Bibliography, etc. note |
ပႃးၽိုၼ်ဢိင် |
| 650 ## - SUBJECT ADDED ENTRY--TOPICAL TERM |
| Topical term or geographic name entry element |
လိၵ်ႈႁွမ်တွမ် |
| 942 ## - ADDED ENTRY ELEMENTS (KOHA) |
| Koha item type |
Books (Long term) |
| 100 1# - MAIN ENTRY--PERSONAL NAME |
| 9 (RLIN) |
33385 |
| 650 ## - SUBJECT ADDED ENTRY--TOPICAL TERM |
| 9 (RLIN) |
20801 |
|
| Source of classification or shelving scheme |
|
|
| Source of classification or shelving scheme |
|